Enfrentando el sueño americano: Nicaragua bajo el dominio imperial de Estados Unidos /
En este libro se conjuga la historia política, económica, cultural y diplomática, para analizar las reacciones de los nicaragüenses ante la intervención de EE.UU. en su país, desde el Destino Manifiesto a mediados del siglo XIX hasta la ocupación de 1912-33. A partir de una exhaustiva investigación...
Salvato in:
| Autore principale: | |
|---|---|
| Altri autori: | |
| Natura: | Libro |
| Lingua: | Spanish |
| Pubblicazione: |
Managua, Nicaragua:
IHNCA-UCA,
2010
|
| Serie: | Política y Sociedad
|
| Soggetti: | |
| Tags: |
Aggiungi Tag
Nessun Tag, puoi essere il primo ad aggiungerne!!
|
MARC
| LEADER | 00000nam a22000007a 4500 | ||
|---|---|---|---|
| 003 | cru CIDCACS/IIS | ||
| 005 | 20181112113621.0 | ||
| 007 | ta | ||
| 008 | 180530t2010 nq |||||r|||||||| ||spa|d | ||
| 999 | |c 41475 |d 41475 | ||
| 020 | |a 9789992498637 | ||
| 040 | |c cru CIDCACS/IIS | ||
| 090 | |a 01.02.01 G574e | ||
| 100 | 1 | |a Gobat, Michel |9 7282 | |
| 245 | 1 | |a Enfrentando el sueño americano: |b Nicaragua bajo el dominio imperial de Estados Unidos / |c Michel Gobat ; traducido por Frances Kinloch Tijerino | |
| 260 | |a Managua, Nicaragua: |b IHNCA-UCA, |c 2010 | ||
| 300 | |a 536 páginas : |b fotos, mapas | ||
| 440 | |a Política y Sociedad |9 3259 | ||
| 520 | |a En este libro se conjuga la historia política, económica, cultural y diplomática, para analizar las reacciones de los nicaragüenses ante la intervención de EE.UU. en su país, desde el Destino Manifiesto a mediados del siglo XIX hasta la ocupación de 1912-33. A partir de una exhaustiva investigación en archivos de Nicaragua y EE.UU., el autor explica dos paradojas que escaparon a la atención de los estudiosos de la historia de América Latina. Primero, demuestra que los nicaragüenses adoptaron diversos aspectos políticos, económicos y culturales de EE.UU. Para defender su nacionalidad frente a las imposiciones norteamericanas. Además, explica por qué la élite más americanizada del país dejó de ser la principal partidaria del dominio imperial norteamericano, y pasó a figurar entre sus mayores oponentes. | ||
| 650 | 0 | |9 4740 |a NACIONALISMO | |
| 650 | 0 | |9 126 |a CULTURA | |
| 650 | 0 | |9 143 |a ECONOMIA | |
| 650 | 0 | |9 3691 |a POLITICA | |
| 650 | 0 | |9 625 |a HISTORIA SOCIAL | |
| 650 | 4 | |9 5915 |a HISTORIA ECONOMICA | |
| 650 | 4 | |9 1921 |a INTERVENCION EXTRANJERA | |
| 650 | 0 | |9 3694 |a HISTORIA POLITICA | |
| 650 | 0 | |9 136 |a HISTORIA | |
| 651 | 0 | |9 7599 |a ESTADOS UNIDOS DE AMERICA | |
| 651 | 0 | |9 1861 |a NICARAGUA | |
| 651 | 0 | |9 245 |a ESTADOS UNIDOS | |
| 700 | 1 | |a Kinloch Tijerino, Frances |e traductor |9 7283 | |
| 942 | |2 ddc |c LI | ||



